000 00864nam a2200265Ia 4500
003 OSt
005 20220925194141.0
006 a|||||r|||| 00| 0
007 ta
008 220923b |||||||| |||| 00| 0 eng d
020 _a9780521674096
_c1547.26
037 _b22603, 25/07/2007, Segment Book Distrobutors
_cGeneral Book
040 _aRTL
_cRTL
_beng
041 _2eng
_aeng
082 _aX:(B), P7
100 _aVega-Redondo Fernando
_9250470
245 0 _aComplex social networks
260 _aCambridge
_bCombridge University Press
_c2007
300 _axiv, 294p
_ccm.
490 _a( Econometric Society Monographs )
500 _aBibliography P275-289; Appendix P259-274
650 _aEconomics
942 _hX:(B), P7
_cGB
_2CC
999 _c528415
_d528415